Funny TV Mothers Quiz Stats

Quiz Updated May 8, 2016

Also try: TV Dads
Challenge
Share
Tweet
Score 0/20 Timer 06:00
0 Plays Today
% Correct
The Simpsons (Marge Simpson)
98.9%
Family Guy (Lois Griffin)
93.9%
The Jetsons (Jane Jetson)
91.3%
The Addams Family (Morticia Addams)
91%
Everybody Loves Raymond (Marie Barone)
89.1%
I Love Lucy (Lucy Ricardo)
88.8%
Roseanne (Roseanne Conner)
85.8%
Modern Family (Claire Dunphy)
85.1%
The Golden Girls (Sophia Petrillo)
85%
The Brady Bunch (Carol Brady)
84.6%
% Correct
Married... with Children (Peggy Bundy)
79.5%
That '70s Show (Kitty Forman)
78.7%
Gilmore Girls (Lorelai Gilmore)
78.5%
Bewitched (Samantha Stephens)
75.2%
All in the Family (Edith Bunker)
71.9%
Bob's Burgers (Linda Belcher)
66.3%
The Middle (Frankie Heck)
65%
Mom (Christy Plunkett)
61.5%
Happy Days (Marion Cunningham)
59.3%
The Goldbergs (Beverly Goldberg)
49.5%

You're not logged in!

Compare scores with friends on all Sporcle quizzes.
Join for Free
OR
Log In

You Might Also Like...

Show Comments

Extras

Top Quizzes Today


Score Distribution

Your Account Isn't Verified!

In order to create a playlist on Sporcle, you need to verify the email address you used during registration. Go to your Sporcle Settings to finish the process.

Report this User

Report this user for behavior that violates our Community Guidelines.

Details: